Les surprenants chiffres des Français - 15 - Statistiques

Statistiques générales
  • Ce quiz a été pris 23 fois
  • Le résultat moyen est 6 sur 15
Statistiques - réponses
Hint Réponse % Correct
1315 kilomètres par jour Distance parcourue par un TGV
74%
60 Millions de tonnes par an de frêt voyagent par transport fluvial
58%
5 ans Temps moyen de possession d'un véhicule
58%
2100 kilomètres de voies fluviales touristiques en France
53%
45 minutes Temps consacré à conduire et reprendre les enfants scolarisés
53%
1 heure par jour Temps moyen consacré aux déplacements par les Français
53%
Environ 100 par an Nombre de collisions à des passages à niveau
47%
Environ 450 par seconde Colis distribués par la Poste
37%
80 % des avions neufs sont fabriqués par Airbus et Boeing
26%
50 % des trajets en ville sont inférieurs à 3 km
26%
2 Milliards par an Nombre de voyageurs passant par une gare en France
26%
225000 par an nouveaux cas d'Alzheimer en France
26%
64 % des déplacements en Ile-de-France se font de banlieue à banlieue
21%
Environ 100000 par an Nombre de permis retirés en France
21%
5 personnes par seconde s'envolent d'un aéroport français
5%
Aucun quiz correspondant
Distribution des résultats
% des personnes avec chaque résultat
Percentile par nombre de réponses
Votre historique - résultats
Vous n’avez pas pris ce quiz